Statystyki dla Wszyscy zwycięzcy Fortuna Liga

Kliknij tutaj aby rozwiązać quiz!

Ogólne statystyki

  • Ten quiz został rozwiązany 28 razy
  • Średni wynik to 4 z 5

Statystyki odpowiedzi

WygraneOdpowiedź% Poprawnych
13Sparta Praga
100%
7Slavia Praga
96%
6Viktoria Pilzno
81%
1Banik Ostrawa
41%
3Slovan Liberec
37%

Rozkład punktacji

Percentyl według liczby udzielonych odpowiedzi

Procent ludzi z każdym wynikiem

Twoja historia wyników

Nie rozwiązałeś tego quizu